01907 a2200205 45000010006000000050017000060080041000230030015000640400040000790800066001192450075001850200022002602640038002823000019003205051269003391000017016087000031016257000028016567000017016846074120260407155858.0260407a2025 arg spa dAR-UNSa-BCEJYS aAR-UNSa-BCEJYSbspacAR-UNSa-BCEJYS a378xEnseñanza superior. Universidades. Escuelas especiales10aEducación superior en América LatinapLa dimensión internacional a978-958-97647-8-7 1aWashington :bBanco Mundialc2025 a380 p.c23 cm. a1. Un modelo de internacionalización: Respuesta a nuevas realidades y retos / Jane Knight - 2. Desafíos regionales e internacionales para la educación superior en América Latina / Lauritz B. Holm-Nielsen, Kristian Thorn, José Joaquín Brunner y Jorge Balán – 3. Internacionalización de la educación superior en Argentina / Julio Cesar Theiler – 4. Internacionalización de la educación superior en Brasil / Sonia Pereira Laus y Marilia Costa Morosini – 5. Internacionalización de la educación superior en Chile / Carlos Ramírez Sánchez – 6. Internacionalización de la educación superior en Colombia / Isabel Cristina Jaramillo – 7. Internacionalización de la educación superior en Cuba / Raúl Hernández Pérez – 8. Internacionalización de la educación superior en México / Jocelyne Gacel-Ávila – 9. Internacionalización de la educación superior en Perú / Luis Jaime Castillo Butters, Leena Bernuy Quiroga y Pamela Lastres Dammert – 10. Actores claves y programas: Mejores vinculaciones en la región / Isabel Cristina Jaramillo y Jane Knight – 11. Al estilo lationoamericano: tendencias, problemas y direcciones / Jocelyne Gacel-Ávila, Isabel Cristina Jaramillo, Jane Knight y Hans de Wit1 aDe Wit, Hans1 aJaramillo, Isabel Cristina1 aGacel-Ávila, Jocelyne1 aKnight, Jane